00477 2200181 4500001002100000005001700021006001900038008004100057020001800098035002500116041000700141082001100148090001700159100001700176245005400193260002400247300002400271INLIS00000000000002220140307102446.0a ||| | 180719| ||| | id  a979-794-027-6 a0010-031300000000022 aid0 a006.66 a006.66 SOP f0 aYayan Sopyan00aFoto indah & artistik : dengan rekayasa photoshop aJakartabSamsc2006 aviii, 90 hal, 23 cm